Noms des Boss de Luigi's Mansion 3 - Statistiques

Statistiques générales
  • Ce quiz a été pris 162 fois
    92 depuis la dernière actualisation
  • Le résultat moyen est 8 sur 17
Statistiques - réponses
Hint Réponse % Correct
Toit Roi Boo
80%
B1 Peter le Porteur
75%
5 Dominique la Domestique
57%
2 Krem Brulé
57%
15 Ambre Brusquade
55%
3 Virgile le Vigile
55%
6 Charleminus
52%
B2 Lucien le Gardien
52%
4 Faust Knot
50%
8 Oscar
50%
7 Professeur Foliane
48%
9 Grut
45%
10 Cléo Patatras
43%
14 DJ Phantasmagloria
34%
13 Walter Polo
30%
12 Capitaine Dents-de-scie
27%
11 Nikki, Lindsey & Ginni
16%
Aucun quiz correspondant
Distribution des résultats
% des personnes avec chaque résultat
Percentile par nombre de réponses
Votre historique - résultats
Vous n’avez pas pris ce quiz depuis la dernière actualisation